De 10 rijkste landen van Afrika - Statistieken

Algemene statistieken
  • Deze quiz is 127 keer genomen
  • De gemiddelde score is 8 van 10
Antwoordstatistieken
BBP in $ Landen % Correct
346 M $ Zuid-Afrika
100%
263 M $ Egypte
99%
119 M $ Marokko
98%
263 M $ Algerije
91%
463 M $ Nigeria
80%
89 M $ Kenia
73%
89 M $ Tanzania
73%
89 M $ Ethiopië
60%
91 M $ Angola
59%
89 M $ Ghana
50%
Geen overeenkomende quizzen gevonden
Scoreverdeling
Procent van Mensen met Elke Score
Percentiel versus Aantal Correcte Antwoorden
Uw Scoregeschiedenis
U heeft deze quiz nog niet genomen